header

Youth, pornography and the Internet (Record no. 163938)

MARC details
000 -LEADER
fixed length control field 01500nam a2200337Ia 4500
245 00 - TITLE STATEMENT
Title Youth, pornography and the Internet
260 ## - PUBLICATION, DISTRIBUTION, ETC. (IMPRINT)
Place of publication Washington, D.C. :
Name of publisher National Academy Press,
Year of publication c2002.
300 ## - PHYSICAL DESCRIPTION
Number of Pages xxviii, 450 p.
650 #0 - SUBJECT ADDED ENTRY--TOPICAL TERM
Topical Term Internet and teenagers.
Topical Term Internet and children.
Topical Term Internet
Topical Term Internet pornography.
Topical Term Parenting.
700 1# - ADDED ENTRY--PERSONAL NAME
Personal name Thornburgh, Dick.
Personal name Lin, Herbert.
856 40 - ELECTRONIC LOCATION AND ACCESS
Uniform Resource Identifier http://site.ebrary.com/lib/rucke/Doc?id=10032435

No items available.

© 2026 Rongo University
Contact us: librarian | system librarian | Rongo university